| 000 | 02099cam a22003974a 4500 | ||
|---|---|---|---|
| 001 | 15653282 | ||
| 003 | OSt | ||
| 005 | 20150408114019.0 | ||
| 008 | 090306s2010 maua b 001 0 eng | ||
| 010 | _a 2009009967 | ||
| 016 | 7 |
_a101498280 _2DNLM |
|
| 020 | _a9780135085073 | ||
| 020 | _a0135085071 | ||
| 035 | _a(OCoLC)ocn314597701 | ||
| 040 |
_aDNLM/DLC _cDLC _dBTCTA _dNLM _dC#P _dDLC |
||
| 042 | _apcc | ||
| 050 | 0 | 0 |
_aRT81.5 _b.P62 2010 |
| 060 | 0 | 0 | _a2009 K-664 |
| 060 | 1 | 0 |
_aW 20.5 _bP769s 2010 |
| 082 | 0 | 0 |
_a610.727 _222 |
| 100 | 1 |
_aPolit, Denise F. _94720 |
|
| 245 | 1 | 0 |
_aStatistics and data analysis for nursing research / _cDenise F. Polit. |
| 250 | _a2nd ed. | ||
| 260 |
_aBoston : _bPearson, _cc2010. |
||
| 300 |
_axii, 440 p. : _bill. ; _c26 cm. |
||
| 500 | _aRev. ed. of: Data analysis & statistics for nursing research / Denise F. Polit. c1996. | ||
| 504 | _aIncludes bibliographical references and index. | ||
| 505 | 0 | _aIntroduction to data analysis in an evidence-based practice environment -- Frequency distributions : tabulating and displaying data -- Central tendency, variability, and relative standing -- Bivariate description : crosstabulation, risk indexes, and correlation -- Statistical inference -- T tests : testing two mean differences -- Analysis of variance -- Chi-square and other nonparametric tests -- Correlation and simple regression -- Multiple regression -- Analysis of covariance, multivariate ANOVA, and related multivariate analyses -- Logistic regression -- Factor analysis and internal consistency reliability analysis -- Missing values. | |
| 650 | 0 |
_aNursing _xResearch. |
|
| 650 | 0 |
_aNursing _xResearch _xStatistical methods. _94722 |
|
| 650 | 1 | 2 |
_aNursing Research _xmethods. _911525 |
| 650 | 1 | 2 |
_aStatistics as Topic. _911606 |
| 700 | 1 |
_aPolit, Denise F. _tData analysis & statistics for nursing research. _911607 |
|
| 942 |
_2ddc _cBOOK |
||
| 999 |
_c21916 _d256416 |
||